|
|
|
|
| LEADER |
00000cam a2200000 a 4500 |
| 001 |
vtls001398900 |
| 003 |
SK-MaSNL |
| 005 |
20260331204305.0 |
| 008 |
180129s1962 xo jr 00000 slo |
| 015 |
|
|
|a SNBA1962
|
| 020 |
|
|
|q (brožované)
|
| 035 |
|
|
|a SNK000353353
|
| 040 |
|
|
|a SNK
|b slo
|c SNK
|e AACR2
|
| 041 |
0 |
|
|a slo
|
| 044 |
|
|
|a xo
|c SK
|
| 072 |
|
7 |
|a 316.3
|x Globálne spoločnosti. Sociálna štruktúra. Sociálne skupiny
|2 konspekt
|
| 072 |
|
7 |
|a 394
|x Verejný a spoločenský život. Každodenný život
|2 konspekt
|
| 080 |
|
|
|a 7.097
|2 2001
|
| 080 |
|
|
|a (083.97)
|2 2011
|
| 080 |
|
|
|a 82-93-053.2/.6
|2 2011
|
| 080 |
|
|
|a (0.062)
|2 2011
|
| 100 |
1 |
|
|a Vavro, Ľudo
|4 aud
|9 389797
|
| 245 |
1 |
0 |
|a Až k oblakom
|b priamy prenos z letiska : program pre deti a mládež
|c pôvodný televízny scenár: autor Ľudo Vavro
|
| 260 |
|
|
|a Bratislava
|b Československá televízia
|c 1962
|
| 300 |
|
|
|a 20 strán
|c 28 cm
|
| 650 |
0 |
7 |
|a televízne scenáre
|2 SNKPH
|9 2918
|
| 655 |
|
7 |
|a programy
|2 SNKPH
|9 70598
|
| 655 |
|
7 |
|a publikácie pre deti a mládež
|2 SNKPH
|9 70541
|
| 655 |
|
7 |
|a populárno-náučné publikácie
|2 SNKPH
|9 70460
|
| 954 |
|
|
|a odborná, vedecká literatúra pôvodná (slovenská)
|2 lita
|
| 958 |
|
|
|a RK
|
| 958 |
|
|
|a TL
|
| 958 |
|
|
|a DB
|
| 958 |
|
|
|a OND
|
| 958 |
|
|
|a SP
|
| 999 |
|
|
|c 638539
|d 640469
|
| 952 |
|
|
|a SNK
|b SNK
|y PREZ
|7 0
|p 17A0255886
|o snkSB 9476
|i snkKSP 6023/62
|0 0
|1 0
|4 0
|d 2000-10-26
|f 1
|l 0
|r 2025-03-04 00:00:00
|w 2026-02-23
|